书目信息 |
| 题名: |
张量分析及其应用
|
|
| 作者: | 李开泰、黄艾香 著 | |
| 分册: | ||
| 出版信息: | 北京 科学出版社 |
|
| 页数: | 301页 | |
| 开本: | 26cm | |
| 丛书名: | 研究生教学丛书 | |
| 单 册: | ||
| 中图分类: | O183.2 | |
| 科图分类: | ||
| 主题词: | 几何 , 拓扑 | |
| 电子资源: | ||
| ISBN: | 7-03-013311-0 | |
| 000 | 00645nam0 2200217 450 | |
| 001 | 0732828906 | |
| 005 | 20070903090708.90 | |
| 010 | @a7-03-013311-0@d¥32.00 | |
| 100 | @a20070903d km y0chiy0120 ea | |
| 101 | 0 | @achi |
| 200 | 1 | @a张量分析及其应用@Azhang liang fen xi ji qi ying yong@f李开泰、黄艾香著@Fli kai tai、huang ai xiang zhu |
| 210 | @a北京@c科学出版社 | |
| 215 | @a301页@d26cm | |
| 225 | 2 | @a研究生教学丛书 |
| 410 | 0 | @12001 @a研究生教学丛书 |
| 606 | 0 | @a几何 |
| 606 | 0 | @a拓扑 |
| 690 | @aO183.2@v3 | |
| 701 | 0 | @a李开泰、黄艾香@Ali kai tai、huang ai xiang@4著 |
| 801 | 0 | @aCN@bPFT@c20070903 |
| 905 | @a213230@dO183.2@eS177@f1 | |
| 张量分析及其应用/李开泰、黄艾香著.-北京:科学出版社 |
| 301页;26cm.-(研究生教学丛书) |
| ISBN 7-03-013311-0:¥32.00 |
| ● |
| 相关链接 |
|
|
|
|
正题名:张量分析及其应用
索取号:O183.2/S177
 
预约/预借
| 序号 | 登录号 | 条形码 | 馆藏地/架位号 | 状态 | 备注 |
| 1 | 6705692 | 267056927 | 数信系资料室/ [索取号:O183.2/S177] | 在馆 | |
| 2 | 6705693 | 267056936 | 数信系资料室/ [索取号:O183.2/S177] | 在馆 |